00919nam a2200229 a 450000500170000000800410001704000250005804100080008308200190009111000600011024500860017026000810025630000320033765000360036965000140040565000280041965000250044766200140047294200150048699900130050195201750051420200104041506.0140218b1997 at |||||r|||| 00| 0 eng d aCO-BoIAVHcCO-BoIAVH aeng04a577.1068bP25t2 aParks and Wildlife Commission of the Northern Territory12aA trial management program for Cycads in the northern territory of Australia 1997 a[Sydney?] :bParks and Wildlife Commission of the Northern Territory,c1997. a29 páginas ;c29 x 21 cm. 4aConservación de biodiversidad 6aCycadales 4aManejo de biodiversidad 4aUso de biodiversidad aAustralia cLIBRO2ddc c108d108 00102ddc40708GENERALIINV2017aBogotabBogotad1997-12-22eInstitutog39000.00l0oLB-577.1068 P25tp000135r2012-12-04 00:00:00tEj. 1w2012-12-04xDonaciónyLIBRO